| 000 | 00539nam a2200181Ia 4500 | ||
|---|---|---|---|
| 005 | 20250423095544.0 | ||
| 008 | 250422s9999 xx 000 0 und d | ||
| 020 | _a0807023086 | ||
| 050 | _aBV 283 .C5 E34/ | ||
| 100 | _aEdelman, Marian Wright | ||
| 245 | 0 | _aGuide my feet : prayers and meditations on loving and working for children | |
| 260 | _aBoston | ||
| 260 | _bBeacon Press | ||
| 260 | _cc1995 | ||
| 300 | _a210 p | ||
| 650 | _aPrayers. Meditations. Parents --Prayers and devotions. Children --Religious life. | ||
| 942 | _cBK | ||
| 999 |
_c30629 _d30629 |
||